| 000 | 00884nas a2200277 4500 | ||
|---|---|---|---|
| 001 | BR9500507 | ||
| 003 | BR-BrBNA | ||
| 005 | 20231205094233.0 | ||
| 007 | ta | ||
| 008 | 230509b bl.|||p| |||| 00| 00por d | ||
| 040 |
_aBR-BrBNA _bpor _cBiblioteca Nacional de Agricultura |
||
| 041 | _a(Pt) | ||
| 072 | _aL73 | ||
| 100 | 1 | _aJorge, M.A. | |
| 100 | 1 | _aOliveira, R.L. de | |
| 100 | 1 | _aResende, J.S. de | |
| 100 | 1 | _aBaiao N.C. | |
| 245 | 1 | _aEfeito da densidade de criacao na ocorrencia e severidade de aerossaculite em frangos com reacao respiratoria vacinal | |
| 650 | _aFrango | ||
| 650 | _aNewcastle | ||
| 650 | _aBronquite | ||
| 650 | _aDoenca Respiratoria | ||
| 773 | 0 |
_tArquivo Brasileiro de Medicina Veterinaria e Zootecnia (Brazil) _xISSN 0102-0935 _g(Aug 1992), v. 44(4) p. 255-262 _wBR9500507 |
|
| 909 |
_a202311 _bLúcia _c55 _dLúcia Elande |
||
| 942 |
_2AGRIS _n0 _cANA |
||
| 999 |
_c142998 _d142998 |
||